000 00803nam a2200253I 4500
001 1688
003 BD-RjUL
005 20211208233405.0
008 1312 s1974enk 1 eng c
020 _a052120500x
035 _a(BD-RjUL)1715
040 _aMiami Univ Lib
_beng
_cBD-RjUL
041 _aeng
082 _219
_a160
_bHAD 1974
100 1 _aHaack, Susan.
_95597
245 1 0 _aDeviant logic :
_bsome philosophical issues /
_cSusan Haack.
260 _aLondon :
_bCambridge University Press ,
_cc1974.
300 _axii, 191 p. ;
_c21 cm.
504 _aIncludes bibliographical references and index.
650 0 _aLogic.
_95598
856 _uhttp://www.worldcat.org/title/deviant-logic-some-philosophical-issues/oclc/1200917&referer=brief_results
942 _2ddc
_cBK
999 _c1688
_d1688